000 00749nam a2200253 a 4500
003 MX-MxUPN
005 20240925065212.0
008 211209s1996 mx |||||r|||| 000 0 spa d
020 _a9688533173
035 _aUPN01000234114
040 _aMX-MxUPN
_bspa
_cMX-MxUPN
049 _aCG
050 4 _aHM251
_bF7.6618
100 1 _aFromm, Erich,
_d1900-1980
_928370
245 1 0 _aEspíritu y sociedad :
_bobra póstuma VI /
_cErich Fromm ; ed. Rainer Funk ; tr. Eloy Fuente Herrero.
260 _aMéxico, D.F. :
_bPaidós,
_c1996.
300 _a205 páginas
490 0 _aPaidós studio ;
_v98
650 4 _aPsicología social
_95889
650 4 _aPsicoanálisis
_91572
700 1 _aFunk, Rainer,
_eed.
905 _aLibro
999 _c206209
_d206209